| 000 | 01298nam a2200265Ia 4500 | ||
|---|---|---|---|
| 003 | Ost | ||
| 005 | 20260507075145.0 | ||
| 008 | 260507s9999||||xx |||||||||||||| ||und|| | ||
| 020 | _a3314999579 | ||
| 040 | _cfsecg | ||
| 041 | _aara | ||
| 082 | _a330 | ||
| 100 |
_aعباس، علي _eمؤلف |
||
| 245 | 0 |
_aالرقابة الإدارية في منظمات الأعمال / _c علي عباس |
|
| 260 |
_aعمان: _bاثراء للنشر, _c2008 |
||
| 300 |
_a314 صفحة؛ _bإيضاحات ؛ _c24 سم |
||
| 504 | _aالملاحق ص.293؛ المراجع ص.313 | ||
| 520 | _aأساسيات الرقابة الإدارية- مراحل العملية الراقابية- أدوات الرقابة الإدارية- الرقابة بإستخدام الميزانيات التقديرية- الممارسة العملية للرقابة على أنشطة الشركات- الرقابة على المشروعات الصناعية- المتابعة والتقييم- استطلاع أجهزة الرقابة في بعض الشركات والبنوك التجارية الأردنية | ||
| 653 | _aإدارة الأعمال | ||
| 653 | _aالإدارة العامة | ||
| 653 | _aالرقابة | ||
| 653 | _aتقييم الأداء | ||
| 653 | _aمنظمات | ||
| 942 | _cكتاب | ||
| 999 |
_c43315 _d43315 |
||